| 000 | 00499 a2200181 4500 | ||
|---|---|---|---|
| 003 | OSt | ||
| 005 | 20231213090358.0 | ||
| 008 | 231213b |||||||| |||| 00| 0 eng d | ||
| 020 | _a8171307167 | ||
| 040 | _coclc | ||
| 082 |
_a894.8129 _bTHO/E |
||
| 100 |
_aThomas, Rosie _97353 |
||
| 245 |
_aEvan Ente Priya C.J. / _cRosie Thomas |
||
| 250 | _a14th ed. | ||
| 260 |
_aKottayam: _bD C Books, _c2021. |
||
| 300 | _a128p. | ||
| 942 |
_2ddc _cBK _h894.8129 _iTHO/E _k894.8129 _mTHO/E |
||
| 999 |
_c44082 _d44082 |
||